Normal view MARC view
  • World Scientific series on nonlinear science.

Entry Uniform Title

Number of records used in: 3

001 - CONTROL NUMBER

  • control field: 10649

003 - CONTROL NUMBER IDENTIFIER

  • control field: NUST

005 - DATE AND TIME OF LATEST TRANSACTION

  • control field: 20180530070110.0

008 - FIXED-LENGTH DATA ELEMENTS

  • fixed length control field: 180530|| aca||aabn | a|a d

040 ## - CATALOGING SOURCE

  • Original cataloging agency: NUST
  • Transcribing agency: NUST

130 ## - HEADING--UNIFORM TITLE

  • Uniform title: World Scientific series on nonlinear science.
  • Number of part/section of a work: Series A,
  • Name of part/section of a work: Monographs and treatises ;
  • Form subdivision: v. 53

670 ## - SOURCE DATA FOUND

  • Source citation: Work cat.: (NUST)0: Ma, Tian, 1956- 10648, Bifurcation theory and applications /, 2005.
© 2023 Central Library, National University of Sciences and Technology. All Rights Reserved.